Bronie w CSGO/CS2 - Nagła Śmierć - Statystyki

Ogólne statystyki
  • Ten quiz został rozwiązany 481 razy
  • Średni wynik to 28 z 35
Answers on the Grid
Answers color-coded by a green-red scale on the quiz's grid according to % correct below.
Glock-18
SVA 545
P90
Zeus x27
MODEL L
AEK-973
MAG-7
AS VAL
P2000
AUG
SWAT
Dwie Beretty
SAUG
AMES 85
USP-S
XM1014
DM-10
CZ75-Auto
KSV
PP-Bizon
M4A1-S
P250
Tanto .22
Desert Eagle
MAC-10
Tec-9
X13 AUTO
Nova
SG 553
GPR 91
Galil AR
SSG 08
BT RG15
TAQ-56
Negev
Fennec 45
Rewolwer R8
Five-SeveN
MK2
Obrzyn
G3SG1
MP7
M249
PKM
MP5-SD
AWP
MP9
AK-47
FAMAS
W 417
RPK
M4A4
UMP-45
HDR
SCAR-20
 
Statystyki odpowiedzi
Odpowiedź % Poprawnych
Glock-18
93%
Zeus x27
87%
AUG
84%
MAG-7
84%
AK-47
83%
AWP
83%
P90
83%
Desert Eagle
82%
Dwie Beretty
82%
USP-S
81%
FAMAS
80%
Galil AR
80%
M4A1-S
80%
Negev
80%
Obrzyn
80%
P2000
80%
PP-Bizon
80%
Five-SeveN
79%
M4A4
79%
MAC-10
79%
Nova
79%
SCAR-20
79%
Tec-9
79%
MP9
78%
Rewolwer R8
78%
MP7
77%
P250
77%
CZ75-Auto
76%
UMP-45
76%
XM1014
76%
SSG 08
75%
SG 553
74%
M249
69%
MP5-SD
69%
G3SG1
68%
Nie znaleziono quizów pasujących do podanych kryteriów
Rozkład punktacji
Procent ludzi z każdym wynikiem
Percentyl według liczby udzielonych odpowiedzi
Twoja historia wyników
Nie rozwiązałeś tego quizu